000
00278nam a22001097a 4500
008
160510b xxu||||| |||| 00| 0 eng d
020
_a
0030299241
041
_a
eng
080
_a
543
245
_a
Analytical chemistry:
_c
Douglas Skoog; Donald West; James Holler;
942
_2
udc
_c
BK
999
_c
1984
_d
1984